A volta ao mundo em 80 dias (Registo nº 2144)

Detalhes MARC
000 -Etiqueta do registo
Cabeçalho 00824nam a22002771 4500
005 - Identificador da versão
Campo de controlo 20240813121926.0
010 ## - Número internacional normalizado dos livros (ISBN)
Número (ISBN) 9725683986
021 ## - Número do Depósito Legal
Código do país PT
Número 119387/98
100 ## - Dados gerais de processamento
Dados gerais de processamento 20050628d1998 cd y0pory5003 ba
102 ## - Pais de publicação ou produção
País de publicação Portugal
101 1# - Língua de publicação
Língua do texto, banda sonora, etc. Português
106 ## - Campo de dados codificados: material textual
Dados codificados do material textual r
105 ## - Campo de dados codificados: livros
Dados codificados dos livros a z 000yy
215 ## - Descrição física 
Indicação específica da natureza do documento e extensão da espécie 50 p.
Outras indicações físicas muito il.
Dimensões 29 cm
200 1# - Titulo e menção de responsabilidade
Título próprio A volta ao mundo em 80 dias
Informação de outro título adaptação da obra de Júlio Verne
Primeira menção de responsabilidade il. Tiziano Giulianini
225 2# - Colecção 
Título próprio da colecção Clássicos júnior
210 ## - Publicação, Distribuição, etc. 
Lugar da edição, distribuição, etc. [Lisboa]
Nome do editor, distribuidor, etc. Ulisseia
Data da publicação, distribuição, etc. cop. 1998
606 ## - Nome comum usado como assunto
Número de registo de entrada de autoridade 0000559
Palavra de ordem Literatura estrangeira infantil
Subdivisão de assunto Romance de aventuras
675 ## - Classificação Decimal Universal (CDU)
Notação 82-311.3
Edição
Língua da edição por
702 #1 - Nome de autor-pessoa física (responsabilidade secundária)
Número de registo de entrada de autoridade 0000915
Palavra de ordem Verne
Outra parte do nome não tomada para palavra de ordem Jules
Datas 1828-1905
Código de função Antecedente bibliográfico
700 #1 - Nome de autor-pessoa física (responsabilidade principal)
Número de registo de entrada de autoridade 0000922
Palavra de ordem Giulianini
Outra parte do nome não tomada para palavra de ordem Tiziano
942 ## - Elementos de entrada adicionados (Koha)
Tipo de item no Koha Livro
Exemplares
Situação do levantamento Origin of item (home branch) (coded) Biblioteca de empréstimo Código de barras Cota Circulation type (not for loan) Tipo de documento Nota do exemplar Damaged status
  Biblioteca Escolar da Coca Maravilhas Biblioteca Escolar da Coca Maravilhas BECM7090/05 8EST VER   Livro Sem mensagem